000 00565nam a22001937a 4500
005 20150416122546.0
010 _aENG-112373
020 _a9788120349773
_c595.00
035 _aEN-95905
037 _bDBAD/PUB
082 _a621.395
100 _aAnanda Natarajan, R.
245 _aDigital design /
_cby R.Ananda Natarajan
260 _aDelhi
_bPHI Learning
_c2015
270 _a111, Patparganj Industrial Estate,
_bDelhi
_e110092
300 _axviii,755p. :
_c24cm(pbk)
_bill.
500 _aIncludes index
942 _2ddc
_cEN
_mANA
_h621.395
999 _c92239
_d92239